[Event "43. Torneo de La Roda 2016"]
[Site "La Roda ESP"]
[Date "2016.03.26"]
[Round "7.1"]
[White "Granda Zuniga, Julio E"]
[Black "Perez Candelario, Manuel"]
[Result "1-0"]
[WhiteElo "2688"]
[BlackElo "2562"]
[PlyCount "127"]
[EventDate "2016.03.23"]
[EventType "swiss"]
[EventRounds "9"]
[EventCountry "ESP"]
[Source "lmi"]
[SourceDate "2016.03.23"]

1. b3 e5 2. Bb2 Nc6 3. e3 Nf6 4. Bb5 Bd6 5. Na3 Na5 6. Be2 a6 7. c4 O-O 8. Nc2
Re8 9. d3 b5 10. Nf3 bxc4 11. dxc4 e4 12. Nfd4 Be5 13. c5 Bb7 14. b4 Nc6 15.
Nxc6 Bxc6 16. Bxe5 Rxe5 17. a4 d6 18. Nd4 Bb7 19. c6 Bc8 20. h3 h5 21. g3 h4
22. g4 Nh7 23. Kf1 Ng5 24. Kg2 g6 25. Qb3 Kg7 26. b5 f5 27. Rab1 fxg4 28. hxg4
h3+ 29. Kh2 Qf6 30. Rhf1 axb5 31. axb5 Nf7 32. Kh1 Qh4 33. f4 exf3 34. Nxf3 Qg3
35. Rg1 Qf2 36. Nxe5 Nxe5 37. Rb2 Ra1 38. Bd1 Qf6 39. Rd2 Bxg4 40. Bxg4 Nxg4
41. Qb2 Rxg1+ 42. Kxg1 Ne5 43. b6 Qg5+ 44. Kh1 Qxe3 45. Re2 Qf3+ 46. Kh2 Qf4+
47. Kxh3 cxb6 48. c7 Qf5+ 49. Kh2 Kh7 50. Qc2 Qf4+ 51. Kg1 Qg3+ 52. Kf1 Qh3+
53. Rg2 Qh1+ 54. Kf2 Qh4+ 55. Ke2 Qh5+ 56. Kd2 Qh6+ 57. Kc3 Qe3+ 58. Kb4 Qd4+
59. Ka3 Qa1+ 60. Kb3 b5 61. c8=Q Qa4+ 62. Kc3 Qa5+ 63. Kd4 Qa1+ 64. Kd5 1-0

[Event "43. Torneo de La Roda 2016"]
[Site "La Roda ESP"]
[Date "2016.03.26"]
[Round "7.2"]
[White "Baklan, Vladimir"]
[Black "Popovic, Dusan"]
[Result "1/2-1/2"]
[WhiteElo "2617"]
[BlackElo "2536"]
[PlyCount "33"]
[EventDate "2016.03.23"]
[EventType "swiss"]
[EventRounds "9"]
[EventCountry "ESP"]
[Source "lmi"]
[SourceDate "2016.03.23"]

1. e4 c5 2. Nf3 d6 3. d4 cxd4 4. Nxd4 Nf6 5. Nc3 a6 6. h3 e5 7. Nde2 h5 8. Bg5
Be6 9. g3 Nbd7 10. Bg2 Be7 11. O-O Nh7 12. Be3 h4 13. g4 O-O 14. a4 Rc8 15. Qd2
Re8 16. a5 Rc6 17. Nd5 1/2-1/2

[Event "43. Torneo de La Roda 2016"]
[Site "La Roda ESP"]
[Date "2016.03.26"]
[Round "7.3"]
[White "Perez Mitjans, Orelvis"]
[Black "Grigoryan, Karen H"]
[Result "0-1"]
[WhiteElo "2442"]
[BlackElo "2612"]
[PlyCount "74"]
[EventDate "2016.03.23"]
[EventType "swiss"]
[EventRounds "9"]
[EventCountry "ESP"]
[Source "lmi"]
[SourceDate "2016.03.23"]

1. e4 e5 2. Nf3 Nc6 3. Bb5 a6 4. Ba4 Nge7 5. c4 g6 6. Nc3 Bg7 7. d3 d6 8. Nd5
O-O 9. h3 f5 10. exf5 Nxf5 11. Bg5 Qd7 12. O-O Qf7 13. b4 Be6 14. Bd2 h6 15.
Rc1 Ncd4 16. Nxd4 Nxd4 17. Be3 b5 18. Bb3 c6 19. Nb6 Rab8 20. Bxd4 exd4 21. c5
d5 22. Qd2 Be5 23. Rce1 Bf4 24. Qb2 Qf6 25. Bd1 h5 26. Bf3 Rf7 27. Re2 Bf5 28.
Rfe1 Rbf8 29. Re8 Rxe8 30. Rxe8+ Kh7 31. Qe2 Bg5 32. Nc8 Bd7 33. Qe1 Bxe8 34.
Qxe8 Bf4 35. a3 Kh6 36. h4 Rf8 37. Qe7 Qxe7 0-1

[Event "43. Torneo de La Roda 2016"]
[Site "La Roda ESP"]
[Date "2016.03.26"]
[Round "7.4"]
[White "Bachmann, Axel"]
[Black "Cifuentes Parada, Roberto"]
[Result "1-0"]
[WhiteElo "2609"]
[BlackElo "2469"]
[PlyCount "83"]
[EventDate "2016.03.23"]
[EventType "swiss"]
[EventRounds "9"]
[EventCountry "ESP"]
[Source "lmi"]
[SourceDate "2016.03.23"]

1. Nf3 d5 2. g3 c6 3. Bg2 Bg4 4. c4 Nf6 5. Ne5 Be6 6. cxd5 Bxd5 7. Nf3 c5 8.
Nc3 Bc6 9. O-O Nbd7 10. d3 e6 11. e4 Be7 12. Qe2 Qb6 13. a4 O-O 14. Bf4 Rfe8
15. Rfd1 Bf8 16. a5 Qa6 17. Qc2 Rac8 18. Bf1 b5 19. axb6 Qxb6 20. Nd2 e5 21.
Nc4 Qc7 22. Be3 Rcd8 23. Ra5 Ra8 24. Rda1 h6 25. Nb5 Bxb5 26. Rxb5 Rab8 27.
Rba5 Rb7 28. Bd2 Nb8 29. Qa4 a6 30. Bc3 Nfd7 31. Bh3 f6 32. Ne3 Kh8 33. Bf5 Qd6
34. Qd1 Be7 35. Bg6 Rd8 36. Nf5 Qe6 37. Qh5 Nf8 38. Bf7 Qc6 39. Bd2 Nh7 40.
Bxh6 Bf8 41. Be3 g5 42. Qg6 1-0

[Event "43. Torneo de La Roda 2016"]
[Site "La Roda ESP"]
[Date "2016.03.26"]
[Round "7.5"]
[White "Ibarra Jerez, Jose Carlos"]
[Black "Bernal Moro, Luis Javier"]
[Result "1/2-1/2"]
[WhiteElo "2561"]
[BlackElo "2412"]
[PlyCount "75"]
[EventDate "2016.03.23"]
[EventType "swiss"]
[EventRounds "9"]
[EventCountry "ESP"]
[Source "lmi"]
[SourceDate "2016.03.23"]

1. e4 c5 2. Nf3 d6 3. d4 cxd4 4. Nxd4 Nf6 5. f3 e6 6. c4 Be7 7. Nc3 O-O 8. Be3
Nc6 9. Be2 d5 10. cxd5 exd5 11. Nxc6 bxc6 12. exd5 Nxd5 13. Nxd5 cxd5 14. O-O
a5 15. Bd4 Ba6 16. Bxa6 Rxa6 17. Qd3 Re6 18. Rad1 Re8 19. Bf2 Bf6 20. b3 d4 21.
Rfe1 g6 22. Rxe6 Rxe6 23. Rc1 Qd5 24. g3 Rc6 25. Rxc6 Qxc6 26. Kf1 Qc1+ 27. Be1
Qa3 28. Qa6 Qe7 29. Bxa5 Qa3 30. Qxf6 Qxa5 31. h4 Qd2 32. Qf4 Qxa2 33. Qb8+ Kg7
34. Qe5+ Kg8 35. Qe8+ Kg7 36. Qe5+ Kg8 37. Qe8+ Kg7 38. Qe5+ 1/2-1/2

[Event "43. Torneo de La Roda 2016"]
[Site "La Roda ESP"]
[Date "2016.03.26"]
[Round "7.6"]
[White "Lopez Martinez, Josep Manuel"]
[Black "Collazo Hidalgo-Gato, Niala"]
[Result "1-0"]
[WhiteElo "2549"]
[BlackElo "2231"]
[PlyCount "83"]
[EventDate "2016.03.23"]
[EventType "swiss"]
[EventRounds "9"]
[EventCountry "ESP"]
[Source "lmi"]
[SourceDate "2016.03.23"]

1. Nf3 g6 2. e4 Bg7 3. d4 d6 4. Be2 Nd7 5. c4 e5 6. O-O Ngf6 7. Nc3 exd4 8.
Nxd4 O-O 9. f3 a6 10. Kh1 Re8 11. Bg5 h6 12. Be3 Rb8 13. Qd2 Kh7 14. Rad1 c6
15. Nb3 Bf8 16. Bf4 Ne5 17. c5 Be6 18. cxd6 Bxb3 19. axb3 Nfd7 20. Bxe5 Rxe5
21. f4 Re8 22. Bc4 Qf6 23. e5 Qg7 24. b4 b5 25. Ba2 a5 26. bxa5 b4 27. Ne4 b3
28. Bb1 f6 29. a6 fxe5 30. f5 gxf5 31. Rxf5 Kh8 32. Rdf1 Qg4 33. h3 Qh4 34. Rf7
Red8 35. Qd3 Bg7 36. a7 Ra8 37. Qxb3 Rxa7 38. Qc2 Ra1 39. Qxc6 Nf8 40. d7 Ra7
41. Nc5 Qg5 42. Qe4 1-0

[Event "43. Torneo de La Roda 2016"]
[Site "La Roda ESP"]
[Date "2016.03.26"]
[Round "7.7"]
[White "Montoliu Cervero, Francisco"]
[Black "Sedlak, Nikola"]
[Result "1/2-1/2"]
[WhiteElo "2331"]
[BlackElo "2547"]
[PlyCount "112"]
[EventDate "2016.03.23"]
[EventType "swiss"]
[EventRounds "9"]
[EventCountry "ESP"]
[Source "lmi"]
[SourceDate "2016.03.23"]

1. e4 e6 2. d4 d5 3. e5 c5 4. c3 Nc6 5. Nf3 Bd7 6. Be2 Rc8 7. O-O Nge7 8. Na3
cxd4 9. cxd4 Nf5 10. Nc2 Qb6 11. Rb1 Na5 12. Ne3 Nxe3 13. Bxe3 Be7 14. Bg5 Bxg5
15. Nxg5 h6 16. Nf3 Bb5 17. b3 O-O 18. Qd2 Bxe2 19. Qxe2 Rc3 20. Qd2 Rc7 21.
Rfc1 Rfc8 22. g3 Nc6 23. Kg2 a5 24. Rc5 Qb4 25. Rbc1 Ra8 26. R1c2 Qxd2 27. Nxd2
Rd7 28. Nf3 a4 29. Kf1 axb3 30. axb3 Ra3 31. Rb5 f6 32. Rb6 Kf7 33. Rc5 Ke7 34.
Rcb5 Ra7 35. Ke2 Kd8 36. Ke3 Kc7 37. Ne1 fxe5 38. dxe5 Nxe5 39. Nd3 Nxd3 40.
Kxd3 e5 41. f3 Rd6 42. Rxd6 Kxd6 43. Rb6+ Kc5 44. Re6 Ra2 45. Rxe5 Rxh2 46. Re7
g5 47. Rxb7 Rh3 48. b4+ Kd6 49. Kd4 h5 50. Rh7 h4 51. Rh6+ Ke7 52. Kxd5 Rxg3
53. f4 Kf7 54. fxg5 Rxg5+ 55. Ke4 Rb5 56. Kf4 Rxb4+ 1/2-1/2

[Event "43. Torneo de La Roda 2016"]
[Site "La Roda ESP"]
[Date "2016.03.26"]
[Round "7.8"]
[White "Greenfeld, Alon"]
[Black "Santiago, Yago De Moura"]
[Result "1-0"]
[WhiteElo "2537"]
[BlackElo "2409"]
[PlyCount "59"]
[EventDate "2016.03.23"]
[EventType "swiss"]
[EventRounds "9"]
[EventCountry "ESP"]
[Source "lmi"]
[SourceDate "2016.03.23"]

1. Nf3 Nf6 2. c4 e6 3. Nc3 d5 4. d4 Nbd7 5. e3 Bb4 6. Bd3 c5 7. O-O O-O 8. cxd5
exd5 9. a3 Bxc3 10. bxc3 c4 11. Bc2 Re8 12. Nd2 Qa5 13. Rb1 Nb6 14. Rb4 Bd7 15.
f3 Rxe3 16. Ne4 dxe4 17. Bxe3 Nbd5 18. Qc1 Nxc3 19. Qe1 b5 20. Qxc3 Nd5 21. Qe1
Qxa3 22. Bc1 Qxb4 23. Qxe4 Nb6 24. Qxh7+ Kf8 25. Qh8+ Ke7 26. Bg5+ Kd6 27. Qxg7
Be6 28. Qe5+ Kc6 29. Be4+ Nd5 30. Be7 1-0

[Event "43. Torneo de La Roda 2016"]
[Site "La Roda ESP"]
[Date "2016.03.26"]
[Round "7.9"]
[White "Forcen Esteban, Daniel"]
[Black "Alvarez Pedraza, Aramis"]
[Result "1/2-1/2"]
[WhiteElo "2549"]
[BlackElo "2440"]
[PlyCount "42"]
[EventDate "2016.03.23"]
[EventType "swiss"]
[EventRounds "9"]
[EventCountry "ESP"]
[Source "lmi"]
[SourceDate "2016.03.23"]

1. d4 Nf6 2. Nf3 e6 3. e3 b6 4. Bd3 Bb7 5. O-O g6 6. c4 Bg7 7. Nc3 O-O 8. e4 d6
9. h3 Nbd7 10. Bg5 h6 11. Be3 e5 12. dxe5 dxe5 13. b4 Nh5 14. c5 Nf4 15. Bc4
Kh8 16. Qa4 c6 17. Rad1 Qc7 18. Qb3 Nf6 19. Bxf4 exf4 20. e5 Nd7 21. e6 Ne5
1/2-1/2

[Event "43. Torneo de La Roda 2016"]
[Site "La Roda ESP"]
[Date "2016.03.26"]
[Round "7.10"]
[White "Plaskett, H James"]
[Black "Suarez Uriel, Adrian"]
[Result "1/2-1/2"]
[WhiteElo "2438"]
[BlackElo "2310"]
[PlyCount "43"]
[EventDate "2016.03.23"]
[EventType "swiss"]
[EventRounds "9"]
[EventCountry "ESP"]
[Source "lmi"]
[SourceDate "2016.03.23"]

1. e4 c5 2. Nf3 Nc6 3. Bb5 g6 4. Bxc6 bxc6 5. O-O Bg7 6. Re1 Rb8 7. e5 f6 8. e6
dxe6 9. Nc3 e5 10. Qe2 Nh6 11. d3 Nf5 12. Nd2 Nd4 13. Qd1 O-O 14. b3 f5 15. Nc4
Qc7 16. Ba3 Rd8 17. Bxc5 e4 18. Na4 Ne6 19. Rb1 Nxc5 20. Nxc5 Bd4 21. Na4 exd3
22. cxd3 1/2-1/2

[Event "43. Torneo de La Roda 2016"]
[Site "La Roda ESP"]
[Date "2016.03.26"]
[Round "7.11"]
[White "Perez Garcia, Alejandro"]
[Black "Stella, Andrea"]
[Result "0-1"]
[WhiteElo "2300"]
[BlackElo "2419"]
[PlyCount "20"]
[EventDate "2016.03.23"]
[EventType "swiss"]
[EventRounds "9"]
[EventCountry "ESP"]
[Source "lmi"]
[SourceDate "2016.03.23"]

1. c4 g6 2. e4 e5 3. Nc3 Bg7 4. g3 d6 5. Bg2 Be6 6. d3 Qd7 7. Nge2 Bh3 8. Bxh3
Qxh3 9. Be3 Nf6 10. Qa4+ c6 0-1

[Event "43. Torneo de La Roda 2016"]
[Site "La Roda ESP"]
[Date "2016.03.26"]
[Round "7.12"]
[White "Santos Ruiz, Miguel"]
[Black "Martinez Lopez, David"]
[Result "1-0"]
[WhiteElo "2416"]
[BlackElo "2316"]
[PlyCount "69"]
[EventDate "2016.03.23"]
[EventType "swiss"]
[EventRounds "9"]
[EventCountry "ESP"]
[Source "lmi"]
[SourceDate "2016.03.23"]

1. e4 e5 2. Nf3 Nc6 3. Bb5 Nf6 4. d3 d6 5. d4 Bd7 6. Nc3 exd4 7. Nxd4 Be7 8.
Nxc6 bxc6 9. Bd3 O-O 10. O-O c5 11. Bf4 Bg4 12. Be2 Bxe2 13. Qxe2 Re8 14. Qd2
Nd7 15. Rad1 Bf8 16. Rfe1 Qb8 17. b3 Qb7 18. Qd5 c6 19. Qd2 Re6 20. Bg3 Nb6 21.
f4 Rd8 22. e5 d5 23. f5 Ree8 24. Qg5 Nd7 25. e6 fxe6 26. Rxe6 Rxe6 27. fxe6 Nf6
28. Be5 Be7 29. Rf1 Rf8 30. Ne2 Qa6 31. Ng3 g6 32. Bxf6 Rxf6 33. Rxf6 Qxa2 34.
Rxg6+ hxg6 35. Qxg6+ 1-0

[Event "43. Torneo de La Roda 2016"]
[Site "La Roda ESP"]
[Date "2016.03.26"]
[Round "7.13"]
[White "Mingarro Carceller, Sergi"]
[Black "Ramiro Ovejero, Juan Luis"]
[Result "0-1"]
[WhiteElo "2295"]
[BlackElo "2377"]
[PlyCount "84"]
[EventDate "2016.03.23"]
[EventType "swiss"]
[EventRounds "9"]
[EventCountry "ESP"]
[Source "lmi"]
[SourceDate "2016.03.23"]

1. e4 d6 2. d4 Nf6 3. Nc3 Nbd7 4. Nf3 e5 5. Bc4 Be7 6. a4 O-O 7. O-O a5 8. h3
c6 9. Re1 Nb6 10. Ba2 Nfd7 11. Be3 exd4 12. Nxd4 Nc5 13. Qh5 Nbxa4 14. Nxa4
Nxa4 15. Nf3 Nc5 16. Ng5 Bxg5 17. Bxg5 Qc7 18. Bf4 Nd7 19. Rad1 Ne5 20. Bg3 Be6
21. Bb1 f5 22. f4 Ng6 23. c3 Qd7 24. Bh2 fxe4 25. g4 Nxf4 26. Bxf4 Rxf4 27.
Bxe4 g6 28. Bxg6 Bxg4 29. Qg5 hxg6 30. Re7 Qxe7 31. Qxe7 Bxd1 32. Qxd6 Rf7 33.
Qxd1 Raf8 34. Qg4 Rf1+ 35. Kg2 R8f2+ 36. Kg3 Rg1+ 37. Kxf2 Rxg4 38. hxg4 Kf7
39. Kf3 Ke6 40. Ke4 b5 41. c4 bxc4 42. Kd4 Kf6 0-1

[Event "43. Torneo de La Roda 2016"]
[Site "La Roda ESP"]
[Date "2016.03.26"]
[Round "7.14"]
[White "Pilgaard, Kim"]
[Black "Escudero Manzano, Sergio"]
[Result "1-0"]
[WhiteElo "2377"]
[BlackElo "2206"]
[PlyCount "65"]
[EventDate "2016.03.23"]
[EventType "swiss"]
[EventRounds "9"]
[EventCountry "ESP"]
[Source "lmi"]
[SourceDate "2016.03.23"]

1. d4 Nf6 2. c4 e6 3. Nc3 b6 4. a3 Bb7 5. Nf3 Be7 6. d5 O-O 7. e4 d6 8. Bd3
exd5 9. cxd5 Nbd7 10. O-O Re8 11. Nd4 a6 12. Re1 Bf8 13. Bg5 h6 14. Bh4 Ne5 15.
Bc2 g5 16. Bg3 Ng6 17. h3 Qd7 18. Qf3 Bg7 19. Nf5 h5 20. Qd1 Qd8 21. Rc1 Bc8
22. Nxg7 Kxg7 23. Qd4 Qe7 24. Bb1 g4 25. h4 Bb7 26. Re3 Ne5 27. Ne2 b5 28. b3
Rac8 29. Bf4 c5 30. Qb2 Ng6 31. Ng3 Nxh4 32. Nxh5+ Kg6 33. Nxf6 1-0

[Event "43. Torneo de La Roda 2016"]
[Site "La Roda ESP"]
[Date "2016.03.26"]
[Round "7.15"]
[White "Jimenez Martinez, Jose Vicente"]
[Black "Jordan Martinez, David"]
[Result "1-0"]
[WhiteElo "2335"]
[BlackElo "2114"]
[PlyCount "79"]
[EventDate "2016.03.23"]
[EventType "swiss"]
[EventRounds "9"]
[EventCountry "ESP"]
[Source "lmi"]
[SourceDate "2016.03.23"]

1. d4 Nf6 2. c4 e6 3. Nc3 Bb4 4. Qc2 O-O 5. a3 Bxc3+ 6. Qxc3 b5 7. b3 Bb7 8.
Nf3 bxc4 9. bxc4 c5 10. e3 d6 11. Be2 Nbd7 12. O-O Qc7 13. Bb2 Rab8 14. Rfd1
Bc6 15. a4 Qb7 16. Ra2 Nb6 17. Ba1 Nxa4 18. Qc1 cxd4 19. exd4 d5 20. c5 Nd7 21.
Re1 e5 22. Nxe5 Nxe5 23. dxe5 d4 24. Bxd4 Rfd8 25. Be3 Nb2 26. Ra6 Nd3 27. Bxd3
Rxd3 28. Ra1 Bxg2 29. Rb1 Rb3 30. Rxb3 Qxb3 31. Kxg2 Qd5+ 32. f3 Qa2+ 33. Bf2
Rb2 34. Qe3 Qe6 35. Re2 Rb8 36. Qe4 h5 37. Rd2 g6 38. Rd6 Qe7 39. h4 Kg7 40. e6
1-0

[Event "43. Torneo de La Roda 2016"]
[Site "La Roda ESP"]
[Date "2016.03.26"]
[Round "7.16"]
[White "Alshameary Puente, Ismael"]
[Black "Jimenez Ramallo, Francisco J"]
[Result "1/2-1/2"]
[WhiteElo "2335"]
[BlackElo "1914"]
[PlyCount "143"]
[EventDate "2016.03.23"]
[EventType "swiss"]
[EventRounds "9"]
[EventCountry "ESP"]
[Source "lmi"]
[SourceDate "2016.03.23"]

1. d4 d5 2. c4 e6 3. Nf3 c5 4. cxd5 exd5 5. g3 Nc6 6. Bg2 Nf6 7. O-O Be7 8.
dxc5 Bxc5 9. Nc3 O-O 10. Na4 Be7 11. Be3 Bg4 12. Rc1 Re8 13. Nc5 Qb6 14. Nb3
Qa6 15. a3 Rad8 16. Nbd4 Bf8 17. Re1 h6 18. Nxc6 bxc6 19. Bd4 Nd7 20. Bc3 Bf5
21. b4 Be4 22. Bf1 Qxa3 23. Nd4 Ne5 24. Nb3 Qa6 25. Nc5 Bxc5 26. bxc5 f6 27.
Ra1 Qc4 28. Qd4 Qxd4 29. Bxd4 Rd7 30. Bh3 Rb7 31. f3 Bg6 32. f4 Nc4 33. Ra6 Rc7
34. Kf2 Nd2 35. e3 Nb3 36. Ra4 Nxd4 37. exd4 Rxe1 38. Kxe1 Bd3 39. Rb4 Kf7 40.
Rb8 Bb5 41. Bg4 g6 42. Bf3 a6 43. Ra8 f5 44. h4 Rb7 45. Kd2 Bc4 46. Rc8 Rb2+
47. Ke1 Bb5 48. h5 g5 49. fxg5 hxg5 50. Rc7+ Kf6 51. g4 Rh2 52. Rd7 fxg4 53.
Bxg4 Rh4 54. Rd6+ Ke7 55. Bd1 Re4+ 56. Kf2 Rxd4 57. Bf3 Rf4 58. Rg6 g4 59. Rxg4
Rxg4 60. Bxg4 Kf6 61. Ke3 Ke5 62. h6 d4+ 63. Kd2 Kf6 64. Bf5 a5 65. Be4 Kf7 66.
h7 Kg7 67. Bxc6 Bxc6 68. Kd3 Kxh7 69. Kxd4 a4 70. Kc3 a3 71. Kb3 a2 72. Kxa2
1/2-1/2

[Event "43. Torneo de La Roda 2016"]
[Site "La Roda ESP"]
[Date "2016.03.26"]
[Round "7.17"]
[White "Buendia Morcillo, Luis"]
[Black "Cabezas Ayala, Ivan"]
[Result "0-1"]
[WhiteElo "1919"]
[BlackElo "2327"]
[PlyCount "62"]
[EventDate "2016.03.23"]
[EventType "swiss"]
[EventRounds "9"]
[EventCountry "ESP"]
[Source "lmi"]
[SourceDate "2016.03.23"]

1. d4 Nf6 2. Nf3 g6 3. Bg5 Bg7 4. Bxf6 Bxf6 5. e4 d6 6. c3 O-O 7. Nbd2 e5 8.
dxe5 dxe5 9. Nc4 Qe7 10. Ne3 c6 11. Bc4 Nd7 12. b4 Nb6 13. Bb3 Rd8 14. Qe2 a5
15. a3 axb4 16. O-O bxa3 17. Rfb1 Na4 18. Qc2 Nc5 19. Ba2 Be6 20. Bxe6 Qxe6 21.
h3 h5 22. Rb4 Ra7 23. g4 Nd3 24. Ra4 Rxa4 25. Qxa4 Nf4 26. Kh2 Kg7 27. Qc4 Qxc4
28. Nxc4 Rd3 29. Ncxe5 Bxe5 30. Nxe5 Rxh3+ 31. Kg1 Rxc3 0-1

[Event "43. Torneo de La Roda 2016"]
[Site "La Roda ESP"]
[Date "2016.03.26"]
[Round "7.18"]
[White "Matamoros Franco, Carlos S"]
[Black "Garcia Trobat, Francisco"]
[Result "1/2-1/2"]
[WhiteElo "2523"]
[BlackElo "2232"]
[PlyCount "102"]
[EventDate "2016.03.23"]
[EventType "swiss"]
[EventRounds "9"]
[EventCountry "ESP"]
[Source "lmi"]
[SourceDate "2016.03.23"]

1. c4 c5 2. g3 Nc6 3. Bg2 g6 4. Nc3 Bg7 5. Nf3 d6 6. O-O h5 7. h3 Nh6 8. e3 h4
9. g4 Nxg4 10. hxg4 h3 11. Bh1 Bxg4 12. Qa4 Bd7 13. d3 Be5 14. Nh2 Bxh2+ 15.
Kxh2 Ne5 16. Qc2 Ng4+ 17. Kg1 h2+ 18. Kg2 e5 19. Kf3 Qh4 20. Ke2 Nxf2 21. Rxf2
Bg4+ 22. Kf1 Rh5 23. Ne4 O-O-O 24. Nf6 Bh3+ 25. Ke2 Rf5 26. Rxh2 Rxf6 27. Kd2
Rf2+ 28. Rxf2 Qxf2+ 29. Kc3 Qe1+ 30. Qd2 Qxh1 31. b4 cxb4+ 32. Kxb4 Qc6 33. Bb2
Qb6+ 34. Ka3 Bd7 35. Bc3 Rh8 36. Ba5 Qc6 37. Bb4 Rh3 38. Kb2 Rg3 39. e4 Bh3 40.
Qh6 Rg2+ 41. Kc3 Be6 42. Qf8+ Kd7 43. Rf1 f5 44. Rh1 Bxc4 45. dxc4 Rc2+ 46.
Kxc2 Qxc4+ 47. Kd1 Qd3+ 48. Kc1 Qc4+ 49. Kd1 Qd3+ 50. Ke1 Qxe4+ 51. Kd1 Qd4+
1/2-1/2

[Event "43. Torneo de La Roda 2016"]
[Site "La Roda ESP"]
[Date "2016.03.26"]
[Round "7.19"]
[White "Fernandez Lledo, Javier"]
[Black "Campora, Daniel H"]
[Result "1/2-1/2"]
[WhiteElo "2250"]
[BlackElo "2449"]
[PlyCount "85"]
[EventDate "2016.03.23"]
[EventType "swiss"]
[EventRounds "9"]
[EventCountry "ESP"]
[Source "lmi"]
[SourceDate "2016.03.23"]

1. e4 e5 2. Nc3 Nf6 3. Bc4 Bb4 4. f4 Nc6 5. Nf3 d6 6. fxe5 Nxe5 7. Nxe5 dxe5 8.
Qe2 O-O 9. a3 Bg4 10. Qd3 Bxc3 11. dxc3 Qe7 12. Qe3 Be6 13. Be2 Ne8 14. O-O Nd6
15. b3 b6 16. c4 c5 17. Bb2 f6 18. Bd3 a5 19. a4 Rad8 20. Rae1 Rd7 21. Qg3 Bf7
22. Rf2 Bg6 23. Qg4 Nf7 24. h4 Nh6 25. Qg3 Qe6 26. Ref1 Ng4 27. Rf5 h5 28. R5f3
Qc6 29. Qe1 Bh7 30. Qe2 Rdf7 31. Bc3 Re8 32. Re1 Rfe7 33. Rff1 f5 34. g3 Nf6
35. exf5 e4 36. Qg2 Qd7 37. Bxf6 gxf6 38. Be2 Bxf5 39. Bxh5 Rf8 40. g4 Bh7 41.
g5 fxg5 42. Rxf8+ Kxf8 43. hxg5 1/2-1/2

[Event "43. Torneo de La Roda 2016"]
[Site "La Roda ESP"]
[Date "2016.03.26"]
[Round "7.21"]
[White "Sousa, Andre Ventura"]
[Black "Bernabeu Lopez, Carlos Javier"]
[Result "1/2-1/2"]
[WhiteElo "2408"]
[BlackElo "2209"]
[PlyCount "116"]
[EventDate "2016.03.23"]
[EventType "swiss"]
[EventRounds "9"]
[EventCountry "ESP"]
[Source "lmi"]
[SourceDate "2016.03.23"]

1. e4 c5 2. Nf3 d6 3. Bb5+ Bd7 4. Bxd7+ Qxd7 5. O-O Nc6 6. b3 g6 7. Bb2 e5 8.
c3 Nf6 9. Re1 Bg7 10. Na3 O-O 11. d4 exd4 12. cxd4 Rfe8 13. e5 dxe5 14. Nxe5
Qf5 15. Nxc6 bxc6 16. dxc5 Ng4 17. Rxe8+ Rxe8 18. Qd2 Bh6 19. Qd4 f6 20. Nc4
Bf4 21. h3 Nxf2 22. Qxf6 Qxf6 23. Bxf6 Nd3 24. Bd4 Re4 25. Bc3 Nxc5 26. Re1
Rxe1+ 27. Bxe1 Nd3 28. Bf2 Nc1 29. a4 a6 30. b4 Nd3 31. Bc5 Be5 32. Na5 Nxc5
33. bxc5 Bd4+ 34. Kf1 Bxc5 35. Ke2 Kf7 36. Kd3 Ke6 37. Kc4 Bf2 38. Nxc6 h5 39.
Nb4 a5 40. Nc6 Be1 41. Nd4+ Kf6 42. Kd5 Bb4 43. Nf3 Bc3 44. Kd6 Kf5 45. Nh4+
Kf4 46. Nxg6+ Kg3 47. Ke6 Kxg2 48. Nf4+ Kg3 49. Ne2+ Kxh3 50. Nxc3 Kg4 51. Ne2
h4 52. Ng1 h3 53. Nxh3 Kxh3 54. Kd5 Kg4 55. Kc6 Kf5 56. Kb6 Ke6 57. Kxa5 Kd7
58. Kb6 Kc8 1/2-1/2